People and place : the extraordinary geographies of everyday life

Bibliographic Details
Main Author: Holloway, Lewis
Other Authors: Hubbard, Phil
Format: Book
Language:English
Published: Harlow : Prentice Hall , 2001
Subjects:

MARC

LEADER 00000cam a2200000 7i4500
001 0000019519
005 20090611.0
008 090608s enka eng
020 |a 0582382122 ,   |c RM189.00 
040 |a INS 
090 0 0 |a GF47   |b H65 2001 
100 1 |a Holloway, Lewis 
245 1 0 |a People and place :   |b the extraordinary geographies of everyday life   |c Lewis Holloway & Phil Hubbard 
260 |a Harlow :   |b Prentice Hall ,   |c 2001 
300 |a x,279p. :   |b ill. ;   |c 23cm. 
500 |a Includes index 
504 |a Bibliography : p.252-269 
650 0 |a Human geography 
700 1 |a Hubbard, Phil 
999 |a 0000021050   |b BOOK   |c Open Shelf   |e Default branch